[Event "SK Germania Kupferdreh 1 - SC Gerthe - "]
[Site "Verbandsklasse - Gruppe 2 201"]
[Date "2019.03.24"]
[Round "8.4"]
[White "Zagrabski, Kevin"]
[Black "Berens, Thomas"]
[Result "1/2-1/2"]
[WhiteElo "1871"]
[BlackElo "1831"]
[PlyCount "67"]
[EventDate "2019.??.??"]

1. d4 Nf6 2. Bf4 c5 3. e3 Qb6 4. b3 g6 5. c3 Bg7 6. Nf3 d6 7. Bd3 O-O 8. h3 Nc6
9. Bc2 Nh5 10. Bh2 f5 11. Qd2 Nf6 12. O-O Re8 13. Na3 Qd8 14. Rad1 b6 15. Rfe1
h6 16. d5 Nb8 17. c4 Nbd7 18. Qc1 Nf8 19. Nb1 Bd7 20. a4 a6 21. Nbd2 Qc8 22. e4
fxe4 23. Nxe4 Nxe4 24. Bxe4 Bf5 25. g4 Bxe4 26. Rxe4 Qd7 27. Rde1 Ra7 28. Qe3
b5 29. axb5 axb5 30. Qd3 bxc4 31. bxc4 Ra1 32. Nh4 Rxe1+ 33. Rxe1 Kf7 34. Re3
1/2-1/2

[Event "SK Germania Kupferdreh 1 - SC Gerthe - "]
[Site "Verbandsklasse - Gruppe 2 201"]
[Date "2019.03.24"]
[Round "8.5"]
[White "Loeffelbein, Klaus"]
[Black "Degner, Friedhelm"]
[Result "1-0"]
[WhiteElo "1846"]
[BlackElo "1816"]
[Annotator "Daniel"]
[PlyCount "101"]
[EventDate "2019.??.??"]

1. d4 Nf6 2. c4 e5 3. dxe5 Ne4 4. Nf3 Bb4+ 5. Nbd2 Nc6 6. a3 Bxd2+ 7. Nxd2 Nxd2
8. Bxd2 Nxe5 9. Bc3 d6 10. Qd4 f6 11. Rd1 Qe7 12. e3 O-O 13. Be2 Be6 14. O-O
Rfd8 15. Qe4 b6 16. Qc2 Qf7 17. Bxe5 fxe5 18. Bf3 Rab8 19. Bd5 c6 20. Bxe6 Qxe6
21. e4 Rb7 22. Rd2 Kf7 23. Rfd1 Rbd7 24. Qa4 c5 25. Rd3 Ke7 26. Qc2 Rf8 27. Rg3
g6 28. b3 Rf4 29. Rh3 Kf8 30. Qd3 Qf6 31. Qe2 Qe6 32. Rhd3 Ke7 33. Rd5 Qg4 $11
34. f3 Qe6 35. b4 Rf6 36. Qd2 Qg8 37. Rxe5+ Kf8 38. Rd5 cxb4 39. axb4 Qe6 40.
e5 Rf5 41. Rxd6 Rxd6 42. exd6 Ke8 43. d7+ Kd8 44. Qc3 Qe5 45. Qd2 Rf4 46. Qd3
Qe7 47. Qd5 Rf8 48. Qa8+ Kc7 49. Qxa7+ Kc6 50. b5+ Kc5 51. Qa3+ 1-0

[Event "SK Germania Kupferdreh 1 - SC Gerthe - "]
[Site "Verbandsklasse - Gruppe 2 201"]
[Date "2019.03.24"]
[Round "8.7"]
[White "Meise, Ulrich"]
[Black "Bendel, Ruediger"]
[Result "1/2-1/2"]
[WhiteElo "1817"]
[BlackElo "1912"]
[PlyCount "82"]
[EventDate "2019.??.??"]

1. e4 c5 2. Nf3 e6 3. c3 Nc6 4. d4 cxd4 5. cxd4 Bb4+ 6. Nc3 Nf6 7. Bd3 Qb6 8.
Be3 d5 9. e5 Ng4 10. O-O Nxe3 11. fxe3 Bd7 12. a3 Be7 13. b4 f5 14. Na4 Qd8 15.
Rc1 b6 16. Nc3 g5 17. Bb5 g4 18. Ne1 Bg5 19. Qd3 a6 20. Bxc6 Bxc6 21. g3 Qd7
22. Ng2 O-O 23. Rf2 Rfc8 24. Rfc2 Be7 25. Nf4 b5 26. h3 gxh3 27. Rh2 a5 28. Rb2
axb4 29. axb4 Ra3 30. Qd2 Bb7 31. Nxh3 Rc4 32. Nb1 Ra4 33. Rf1 Bxb4 34. Qe2 Qg7
35. Kh2 Bc6 36. Nf4 Be7 37. Rh1 b4 38. Kg2 Bd7 39. Qh5 Ra8 40. Kf3 Rc6 41. Rbh2
h6 1/2-1/2

[Event "SK Germania Kupferdreh 1 - SC Gerthe - "]
[Site "Verbandsklasse - Gruppe 2 201"]
[Date "2019.03.24"]
[Round "8.8"]
[White "Wuthcke, Dieter"]
[Black "Kalle, Yannis"]
[Result "0-1"]
[WhiteElo "1753"]
[BlackElo "1714"]
[PlyCount "110"]
[EventDate "2019.??.??"]

1. d4 Nf6 2. c4 g6 3. Nc3 Bg7 4. e4 d6 5. f3 O-O 6. Be3 Na6 7. Bd3 c5 8. Nge2
e5 9. d5 Nb4 10. Bb1 Ne8 11. a3 Na6 12. g4 f5 13. gxf5 gxf5 14. exf5 Bxf5 15.
Bxf5 Rxf5 16. Ng3 Rf7 17. h4 Bf6 18. Nf5 Bg7 19. Nh6+ Bxh6 20. Bxh6 Qf6 21.
Rg1+ Kh8 22. Bg5 Qxf3 23. Qxf3 Rxf3 24. O-O-O Nac7 25. Ne4 b5 26. Be7 Rf7 27.
Rdf1 Rxf1+ 28. Rxf1 bxc4 29. Rg1 Nxd5 30. Nxd6 h6 31. Nf7+ Kh7 32. Bxc5 Nf4 33.
Kc2 Nd3 34. Be3 Rb8 35. b4 Nf6 36. Bxh6 Nh5 37. Rg5 Rb7 38. Rxh5 Rxf7 39. Be3+
Kg6 40. Rh6+ Kf5 41. Ra6 Rh7 42. Rxa7 Rxh4 43. Rc7 Ne1+ 44. Kd2 Re4 45. Bf2
Nf3+ 46. Kc3 Re2 47. Ba7 Ra2 48. Kxc4 Rc2+ 49. Kd5 Rxc7 50. Bc5 Nd4 51. Bxd4
exd4 52. Kxd4 Ke6 53. a4 Kd6 54. a5 Rc1 55. a6 Kc6 0-1

[Event "FS Dortmund 1 - SW Oberhausen 1"]
[Site "Verbandsklasse - Gruppe 2 201"]
[Date "2019.03.24"]
[Round "8.2"]
[White "Khess, Igor"]
[Black "Hortolani, Sven-Holger"]
[Result "1/2-1/2"]
[WhiteElo "1963"]
[BlackElo "2039"]
[Annotator "Verbandsklasse Gruppe 2, Saison 2018/19"]
[PlyCount "131"]
[EventDate "2019.??.??"]

1. e4 e6 2. d4 d5 3. e5 c5 4. Qg4 Nc6 5. Nf3 cxd4 6. Bd3 h5 7. Qf4 f6 8. Bg6+
Kd7 9. O-O fxe5 10. Nxe5+ Nxe5 11. Qxe5 Qf6 12. Qg3 Bd6 13. f4 h4 14. Qd3 Ne7
15. Qb5+ Kc7 16. Bd3 Bd7 17. Qa5+ b6 18. Qa6 Nc6 19. Na3 Nb4 20. Nb5+ Kb8 21.
Qa3 Bc5 22. Qb3 Nxd3 23. cxd3 a6 24. Na3 h3 25. g3 a5 26. Qd1 Kb7 27. Nc2 Rae8
28. Qf3 e5 29. fxe5 Qxf3 30. Rxf3 Rxe5 31. Bf4 Re2 32. Rf2 Rhe8 33. Kf1 Rxf2+
34. Kxf2 Rf8 35. Kg1 Rf5 36. Rf1 Bb5 37. Rd1 g5 38. Bc1 Kc6 39. Ne1 Kd7 40. a3
Ba4 41. Rd2 Re5 42. Kf1 Bb5 43. Re2 Rf5+ 44. Rf2 Ke6 45. Rxf5 Kxf5 46. b3 Kg4
47. Kf2 Be7 48. Bb2 Bf6 49. Bc1 Be8 50. Bb2 Bg6 51. Ba1 {(=)} 51... b5 52. Bb2
Kf5 53. Ba1 Bh5 54. Nf3 Bxf3 55. Kxf3 g4+ 56. Kf2 Ke5 57. Bb2 Bg5 58. a4 Be3+
59. Kf1 Kd6 60. Ba3+ Kc6 61. Be7 Bd2 62. Ke2 Bc3 63. Bf8 bxa4 64. bxa4 Bb4 65.
Bh6 Bd6 66. Kf2 1/2-1/2

[Event "FS Dortmund 1 - SW Oberhausen 1"]
[Site "Verbandsklasse - Gruppe 2 201"]
[Date "2019.03.24"]
[Round "8.3"]
[White "Schwerdtfeger, Joachim"]
[Black "Mewes, Karsten"]
[Result "1/2-1/2"]
[WhiteElo "1896"]
[BlackElo "1950"]
[Annotator "Verbandsklasse Gruppe 2, Saison 2018/19"]
[PlyCount "47"]
[EventDate "2019.??.??"]

1. e4 e6 2. d4 d5 3. e5 c5 4. c3 Nc6 5. Nf3 Bd7 6. Be2 Rc8 7. dxc5 Bxc5 8. b4
Be7 9. O-O f6 10. Bf4 fxe5 11. Nxe5 Nxe5 12. Bxe5 Nf6 13. Qd3 O-O 14. Nd2 Be8
15. Qh3 Nd7 16. f4 Nxe5 17. fxe5 Qb6+ 18. Kh1 Bd7 19. Bd3 g6 20. Qh6 Be8 21.
Nf3 Bb5 22. Bxg6 hxg6 23. Qxg6+ Kh8 24. Qh6+ {(=)} 1/2-1/2

[Event "FS Dortmund 1 - SW Oberhausen 1"]
[Site "Verbandsklasse - Gruppe 2 201"]
[Date "2019.03.24"]
[Round "8.4"]
[White "Brendemühl, Bernd"]
[Black "Kuckelkorn, Jörg"]
[Result "0-1"]
[WhiteElo "1889"]
[BlackElo "1887"]
[Annotator "Verbandsklasse Gruppe 2, Saison 2018/19"]
[PlyCount "104"]
[EventDate "2019.??.??"]

1. e4 c5 2. Nf3 d6 3. d4 cxd4 4. Nxd4 Nf6 5. Nc3 a6 6. Be2 Nc6 7. Be3 e6 8. O-O
Be7 9. f4 Qc7 10. Bf3 Bd7 11. Nb3 Rb8 12. Kh1 O-O 13. g4 b5 14. g5 Ne8 15. a3
g6 16. Qe2 Ng7 17. Rad1 Na5 18. Nxa5 Qxa5 19. Bd4 Rfc8 20. Bf6 Bf8 21. Rd3 b4
22. axb4 Rxb4 23. b3 Bc6 24. h4 Ne8 25. Qh2 Nxf6 26. gxf6 Bb7 27. e5 Bxf3+ 28.
Rdxf3 dxe5 29. fxe5 Rg4 30. Nd1 Re4 31. Re3 Qb4 32. c4 Rxe3 33. Nxe3 Qxb3 34.
Qf4 h5 35. Rf3 Qb1+ 36. Kg2 Kh7 37. Qd4 Qb7 38. Kg3 Bc5 39. Qd3 Qc7 40. Qe4
Bxe3 41. Rxe3 Qxc4 42. Qxc4 Rxc4 43. Ra3 Rg4+ 44. Kh3 g5 45. hxg5 Rxg5 46. Ra5
Kg6 47. Kh4 Rg4+ 48. Kh3 Re4 49. Kg3 Kf5 50. Rxa6 Rxe5 51. Kh4 Kxf6 52. Ra4 Kg6
0-1

[Event "FS Dortmund 1 - SW Oberhausen 1"]
[Site "Verbandsklasse - Gruppe 2 201"]
[Date "2019.03.24"]
[Round "8.5"]
[White "Matthes, Severin Johannes"]
[Black "Lauche, Christoph"]
[Result "0-1"]
[WhiteElo "1811"]
[BlackElo "1795"]
[Annotator "Verbandsklasse Gruppe 2, Saison 2018/19"]
[PlyCount "38"]
[EventDate "2019.??.??"]

1. e4 d6 2. d4 Nf6 3. Nc3 Nbd7 4. Nf3 e5 5. Bc4 Be7 6. Be3 c6 7. a3 Qc7 8. O-O
h6 9. Ba2 Nf8 10. Qe1 Ng4 11. h3 Nf6 12. Nd2 g5 13. dxe5 dxe5 14. Kh2 Ng6 15.
Rd1 Nh5 16. Ne2 Nhf4 17. Nf3 h5 18. Bxf4 exf4 19. Nfd4 f3+ 0-1

[Event "FS Dortmund 1 - SW Oberhausen 1"]
[Site "Verbandsklasse - Gruppe 2 201"]
[Date "2019.03.24"]
[Round "8.6"]
[White "Grube, Jörg"]
[Black "Matthies, Jochen"]
[Result "1/2-1/2"]
[WhiteElo "1819"]
[BlackElo "1799"]
[Annotator "Verbandsklasse Gruppe 2, Saison 2018/19"]
[PlyCount "66"]
[EventDate "2019.??.??"]

1. c4 e5 2. Nc3 d6 3. g3 Nc6 4. Bg2 g6 5. Nf3 Bg7 6. O-O Nge7 7. d3 O-O 8. Rb1
a5 9. a3 Bg4 10. h3 Bxf3 11. Bxf3 Qd7 12. Bg2 Rab8 13. b4 axb4 14. axb4 f5 15.
b5 Nd4 16. f4 exf4 17. gxf4 h6 18. Bd2 Kh7 19. Ra1 c6 20. bxc6 bxc6 21. Rb1 Qc7
22. e3 Rxb1 23. Nxb1 Ne6 24. Bc3 Rb8 25. Bxg7 Nxg7 26. Qc2 Qb6 27. Qf2 d5 28.
Nd2 Qa5 {(=)} 29. Nf3 Qc3 30. cxd5 cxd5 31. Ne5 Rb2 32. Qf3 {(=)} 32... Ne6 33.
Rf2 Nc5 {(=)} 1/2-1/2

[Event "FS Dortmund 1 - SW Oberhausen 1"]
[Site "Verbandsklasse - Gruppe 2 201"]
[Date "2019.03.24"]
[Round "8.7"]
[White "Böcker, Jürgen"]
[Black "Jost, Udo"]
[Result "0-1"]
[WhiteElo "1772"]
[BlackElo "1757"]
[Annotator "Verbandsklasse Gruppe 2, Saison 2018/19"]
[PlyCount "62"]
[EventDate "2019.??.??"]

1. e4 c5 2. Nc3 e6 3. f4 a6 4. g3 Nc6 5. Bg2 Nge7 6. Nf3 d5 7. d3 Bd7 8. O-O h5
9. f5 d4 10. fxe6 fxe6 11. Nb1 Ng6 12. Nbd2 h4 13. Qe1 Be7 14. e5 Qc7 15. Nc4
O-O-O 16. Qe4 Be8 17. a4 hxg3 18. hxg3 Rd5 19. a5 Kb8 20. Re1 Nf8 21. Nb6 Rd8
22. Bd2 g5 23. Nxg5 Rg8 24. Qf3 Bxg5 25. Bxg5 Rxg5 26. Qxf8 Rxg3 27. Qf6 Rg6
28. Qf3 Nxa5 29. Qe4 Qxb6 30. Rxa5 Rxg2+ 31. Qxg2 Qxa5 0-1

[Event "FS Dortmund 1 - SW Oberhausen 1"]
[Site "Verbandsklasse - Gruppe 2 201"]
[Date "2019.03.24"]
[Round "8.8"]
[White "Schulz-Runge, Michael"]
[Black "Heintze, Sven"]
[Result "1-0"]
[WhiteElo "1689"]
[BlackElo "1699"]
[Annotator "Verbandsklasse Gruppe 2, Saison 2018/19"]
[PlyCount "41"]
[EventDate "2019.??.??"]

1. c4 e5 2. Nc3 Nf6 3. g3 d5 4. cxd5 Nxd5 5. Bg2 Nb6 6. Nf3 Nc6 7. d3 Be7 8. a3
Be6 9. b4 O-O 10. Rb1 f6 11. O-O a5 12. b5 Nd4 13. Nd2 Nd5 14. Nxd5 Bxd5 15.
Ne4 a4 16. e3 Nb3 17. Qe2 f5 18. Nc3 Bxg2 19. Kxg2 Nxc1 20. Rbxc1 Bxa3 21. Qa2+
1-0

[Event "Marten-Bövinghausen 1-SC Buer-Hassel 1"]
[Site "Verbandsklasse - Gruppe 2 201"]
[Date "2019.03.24"]
[Round "8.1"]
[White "Griebl, Joern"]
[Black "Hellwig, Thomas"]
[Result "1-0"]
[WhiteElo "2153"]
[BlackElo "1879"]
[PlyCount "61"]
[EventDate "2019.??.??"]

1. c4 Nf6 2. Nc3 c5 3. Nf3 g6 4. g3 Bg7 5. Bg2 O-O 6. O-O Nc6 7. d4 cxd4 8.
Nxd4 d6 9. Nxc6 bxc6 10. Bxc6 Rb8 11. Bg2 Be6 12. b3 Qc8 13. Be3 Bh3 14. Qd2
Bxg2 15. Kxg2 e6 16. Rac1 Rd8 17. f3 Qa6 18. Bg5 d5 19. Rfd1 d4 20. Na4 Qc6 21.
e4 Rd7 22. Qf4 Qc7 23. Qxc7 Rxc7 24. Bf4 Ne8 25. Bxc7 Nxc7 26. Nc5 e5 27. Nd3
f6 28. b4 Ne6 29. c5 Nc7 30. a4 Bf8 31. b5 1-0

[Event "Marten-Bövinghausen 1-SC Buer-Hassel 1"]
[Site "Verbandsklasse - Gruppe 2 201"]
[Date "2019.03.24"]
[Round "8.2"]
[White "Gielisch, Eckhart"]
[Black "Bossy, Arnim"]
[Result "1/2-1/2"]
[WhiteElo "1795"]
[BlackElo "2144"]
[PlyCount "63"]
[EventDate "2019.??.??"]

1. d4 f5 2. c4 Nf6 3. Nc3 d6 4. g3 g6 5. Bg2 Bg7 6. Nf3 O-O 7. O-O c6 8. e3 Na6
9. Rb1 Nc7 10. b4 Ne4 11. Qd3 Qe8 12. Nd2 Nxc3 13. Qxc3 e5 14. Bb2 e4 15. Qc2
Be6 16. a4 a6 17. Rfd1 Qf7 18. Bf1 g5 19. b5 axb5 20. axb5 cxb5 21. cxb5 Rfc8
22. Bc3 Nd5 23. Rb3 Nb6 24. Rb4 Ra2 25. Qc1 Qd7 26. Nb1 Rc7 27. Rd2 Ra8 28. Rc2
Rac8 29. Rbb2 Na4 30. Rb4 Nb6 31. Rbb2 Na4 32. Rb4 1/2-1/2

[Event "Marten-Bövinghausen 1-SC Buer-Hassel 1"]
[Site "Verbandsklasse - Gruppe 2 201"]
[Date "2019.03.24"]
[Round "8.3"]
[White "Wolff, Christoph"]
[Black "Boxberg, Marc"]
[Result "1/2-1/2"]
[WhiteElo "1949"]
[BlackElo "1735"]
[Annotator "Daniel"]
[PlyCount "80"]
[EventDate "2019.??.??"]

1. e4 e6 2. d4 d5 3. exd5 exd5 4. Nf3 Bd6 5. c4 Nf6 6. Nc3 Qe7+ 7. Be3 c6 8.
cxd5 Nxd5 9. Nxd5 cxd5 10. Bb5+ Bd7 11. Bxd7+ Nxd7 12. O-O O-O $11 13. Re1 Nb6
14. Qd3 f6 15. Bd2 Qd7 16. Nh4 Rfe8 17. Nf5 Nc4 18. Bc3 g6 19. Nh6+ Kg7 20. b3
Kxh6 21. bxc4 dxc4 22. Qf3 Qf7 23. Rab1 b6 24. d5 Kg7 25. Re6 Be5 26. Re1 Bxc3
27. Qxc3 Rad8 28. g4 Rxe6 29. dxe6 Qe7 30. g5 Re8 31. Re4 b5 32. Qd4 Rd8 33.
gxf6+ Qxf6 34. Qxa7+ Kh6 35. Re3 Qg5+ 36. Rg3 Rd1+ 37. Kg2 Qd5+ 38. f3 Rd2+ 39.
Kh1 Rd1+ 40. Kg2 Rd2+ 1/2-1/2

[Event "Marten-Bövinghausen 1-SC Buer-Hassel 1"]
[Site "Verbandsklasse - Gruppe 2 201"]
[Date "2019.03.24"]
[Round "8.4"]
[White "Schulte, Eduard"]
[Black "Wiechen, Ulrich"]
[Result "1-0"]
[WhiteElo "1740"]
[BlackElo "1932"]
[PlyCount "71"]
[EventDate "2019.??.??"]

1. b3 d5 2. Bb2 Nf6 3. e3 Bf5 4. Bd3 Bg6 5. f4 Bh5 6. Nf3 e6 7. O-O Nc6 8. Be2
Bxf3 9. Bxf3 Qd7 10. d4 Ne4 11. Bxe4 dxe4 12. c4 O-O-O 13. Nc3 f5 14. a3 Rg8
15. Kh1 g5 16. g3 Qf7 17. Qe2 h5 18. fxg5 Rxg5 19. Nxe4 Rg8 20. d5 exd5 21. Nf6
Rg5 22. Nxd5 Bg7 23. Rf4 Ne5 24. e4 Ng6 25. Rxf5 Rxf5 26. exf5 Bxb2 27. fxg6
Qg7 28. Ra2 Be5 29. Qxh5 c6 30. Re2 Bd6 31. Qf5+ Kb8 32. Qf6 Qd7 33. Nf4 Rf8
34. Qe6 Qd8 35. g7 Rg8 36. Rd2 1-0

[Event "Marten-Bövinghausen 1-SC Buer-Hassel 1"]
[Site "Verbandsklasse - Gruppe 2 201"]
[Date "2019.03.24"]
[Round "8.5"]
[White "Strohmann, Andreas"]
[Black "Davydov, Boris"]
[Result "1/2-1/2"]
[WhiteElo "1839"]
[BlackElo "1710"]
[PlyCount "71"]
[EventDate "2019.??.??"]

1. e4 c5 2. d4 cxd4 3. c3 dxc3 4. Nxc3 d6 5. Bc4 Nf6 6. e5 Ng8 7. Nf3 Nc6 8.
O-O e6 9. Bg5 Be7 10. Bxe7 Ngxe7 11. exd6 Nf5 12. Ne4 O-O 13. Qd2 Bd7 14. Rfd1
Rb8 15. Rac1 Nh4 16. Nxh4 Qxh4 17. Nc5 Rfd8 18. Rc3 Ne5 19. Nxd7 Rxd7 20. Bb5
Nc6 21. Bxc6 bxc6 22. Rxc6 Qa4 23. Rdc1 h6 24. Rc8+ Rxc8 25. Rxc8+ Kh7 26. Rc7
Qe4 27. f3 Rxd6 28. fxe4 Rxd2 29. Rxf7 Rxb2 30. Rxa7 Kg6 31. Kf1 Kf6 32. a4 g5
33. a5 Ke5 34. Ra6 Ra2 35. h3 h5 36. g3 1/2-1/2

[Event "Marten-Bövinghausen 1-SC Buer-Hassel 1"]
[Site "Verbandsklasse - Gruppe 2 201"]
[Date "2019.03.24"]
[Round "8.6"]
[White "Gielisch, Ulrich"]
[Black "Lazarev, Vadim"]
[Result "1/2-1/2"]
[WhiteElo "1661"]
[BlackElo "1758"]
[PlyCount "35"]
[EventDate "2019.??.??"]

1. d4 Nf6 2. c4 d5 3. cxd5 e6 4. dxe6 Bxe6 5. Nc3 Bb4 6. a3 Be7 7. Nf3 O-O 8.
e3 c5 9. Be2 Nc6 10. dxc5 Bxc5 11. b4 Nxb4 12. O-O Nc6 13. Bb2 Qxd1 14. Rfxd1
Bb3 15. Rdc1 a6 16. Nd5 Ne4 17. Nc3 Nf6 18. Nd5 1/2-1/2

[Event "Marten-Bövinghausen 1-SC Buer-Hassel 1"]
[Site "Verbandsklasse - Gruppe 2 201"]
[Date "2019.03.24"]
[Round "8.7"]
[White "Wingerning, Gerd"]
[Black "Ziemek, Gerhard"]
[Result "0-1"]
[WhiteElo "1778"]
[BlackElo "1564"]
[Annotator "Daniel"]
[PlyCount "72"]
[EventDate "2019.??.??"]

1. e4 e5 2. Nf3 Nc6 3. Bc4 Nd4 4. c3 Nxf3+ 5. Qxf3 Nf6 6. d4 d6 7. h3 Bd7 8.
Be3 Be7 9. Nd2 b5 10. Bb3 a5 11. a3 O-O 12. O-O Rb8 13. Bd1 Rc8 14. Qg3 Kh8 15.
dxe5 dxe5 16. Qxe5 Bd6 17. Qd4 Qe7 18. f4 c5 19. Qd3 c4 20. Qc2 Bb8 21. Bf3 Bc6
22. Rae1 Rcd8 23. e5 Nd5 24. Bd4 Qb7 25. f5 Ba7 26. Ne4 Bxd4+ 27. cxd4 Qb6 28.
Nc5 Ne7 $11 29. Rd1 Bxf3 30. Rxf3 Nc6 31. Qf2 Nxe5 32. Rg3 Nc6 33. Rg4 Ne7 34.
Kh1 Rd5 35. Rg5 Rfd8 36. Qh4 Rxc5 0-1

[Event "Marten-Bövinghausen 1-SC Buer-Hassel 1"]
[Site "Verbandsklasse - Gruppe 2 201"]
[Date "2019.03.24"]
[Round "8.8"]
[White "Kolter, Kai Uwe"]
[Black "Semina, Svetlana"]
[Result "1/2-1/2"]
[WhiteElo "1406"]
[BlackElo "2112"]
[PlyCount "35"]
[EventDate "2019.??.??"]

1. e4 e5 2. Nf3 Nc6 3. Bc4 Bc5 4. O-O Nf6 5. d3 d6 6. c3 h6 7. Be3 Bxe3 8. fxe3
O-O 9. Nbd2 a6 10. b4 d5 11. exd5 Nxd5 12. Bxd5 Qxd5 13. Ne4 f5 14. Nf2 Be6 15.
a3 Rad8 16. c4 Qd6 17. Nd2 Kh8 18. Rb1 1/2-1/2

[Event "SV Kamen 2 - Rochade Steele/Kray 1"]
[Site "Verbandsklasse - Gruppe 2 201"]
[Date "2019.03.24"]
[Round "8.1"]
[White "Happe, Ulrich"]
[Black "Georg, Felix"]
[Result "1/2-1/2"]
[WhiteElo "2091"]
[BlackElo "1999"]
[PlyCount "50"]
[EventDate "2019.??.??"]

1. d4 Nf6 2. Nf3 e6 3. g3 b5 4. Bg2 Bb7 5. O-O Be7 6. c3 c5 7. a4 a6 8. axb5
axb5 9. Rxa8 Bxa8 10. Qb3 Qb6 11. Na3 cxd4 12. Qxb5 Qxb5 13. Nxb5 Bxf3 14. Bxf3
dxc3 15. Nxc3 Nc6 16. e4 O-O 17. Rd1 Rb8 18. Be2 Rb4 19. Kf1 d6 20. f3 Kf8 21.
Ke1 Nd4 22. Rd3 Nd7 23. Na2 Ra4 24. Nc3 Rb4 25. Na2 Ra4 1/2-1/2

[Event "SV Kamen 2 - Rochade Steele/Kray 1"]
[Site "Verbandsklasse - Gruppe 2 201"]
[Date "2019.03.24"]
[Round "8.2"]
[White "Koch, Marcel"]
[Black "Landau, Christian"]
[Result "1-0"]
[WhiteElo "1932"]
[BlackElo "2048"]
[PlyCount "83"]
[EventDate "2019.??.??"]

1. d4 Nf6 2. c4 c5 3. d5 b5 4. cxb5 a6 5. bxa6 Bxa6 6. Nc3 g6 7. g3 d6 8. Bg2
Bg7 9. Nf3 O-O 10. O-O Nbd7 11. Re1 Qa5 12. Bd2 Qb4 13. Qc2 Rfb8 14. Rab1 Bb7
15. e4 Ng4 16. b3 Ba6 17. a4 Qb6 18. Bf1 c4 19. Be3 Nxe3 20. Rxe3 cxb3 21. Qd1
Qb4 22. Nb5 Nc5 23. Nc7 Bxf1 24. Nxa8 Bc4 25. Nc7 Nxa4 26. Na6 Nc3 27. Rxc3
Qxc3 28. Nxb8 b2 29. Nc6 Ba2 30. Rxb2 Qxb2 31. Nxe7+ Kf8 32. Nc6 Bb3 33. Qd2
Qb1+ 34. Qe1 Qd3 35. Qb4 Bb2 36. Qxd6+ Kg7 37. Qf4 Bc1 38. Qe5+ Kh6 39. Ne7 f5
40. Nxf5+ gxf5 41. Qf6+ Kh5 42. Qh4+ 1-0

[Event "SV Kamen 2 - Rochade Steele/Kray 1"]
[Site "Verbandsklasse - Gruppe 2 201"]
[Date "2019.03.24"]
[Round "8.3"]
[White "Kirsch, Paul"]
[Black "Traunecker, Thomas"]
[Result "1/2-1/2"]
[WhiteElo "1929"]
[BlackElo "1846"]
[PlyCount "20"]
[EventDate "2019.??.??"]

1. d4 g6 2. g3 Bg7 3. Bg2 d6 4. Nf3 Nf6 5. O-O O-O 6. c4 c6 7. Nc3 Nbd7 8. e4
Qc7 9. Re1 e5 10. d5 a5 1/2-1/2

[Event "SV Kamen 2 - Rochade Steele/Kray 1"]
[Site "Verbandsklasse - Gruppe 2 201"]
[Date "2019.03.24"]
[Round "8.4"]
[White "Bals, Jochen"]
[Black "Laarmann, Gerd"]
[Result "0-1"]
[WhiteElo "1856"]
[BlackElo "1799"]
[PlyCount "110"]
[EventDate "2019.??.??"]

1. d4 e6 2. c4 d5 3. Nc3 Nf6 4. Bg5 c5 5. cxd5 cxd4 6. Qxd4 Be7 7. e4 Nc6 8.
Qd2 Nxe4 9. Bxe7 Qxe7 10. Nxe4 exd5 11. Qxd5 O-O 12. f3 Nb4 13. Qc4 Be6 14. Qc5
Qxc5 15. Nxc5 Nc2+ 16. Kd2 Nxa1 17. Nxe6 fxe6 18. Nh3 Rfd8+ 19. Bd3 Rd6 20.
Rxa1 Rc8 21. Nf2 Kf7 22. Rc1 Rxc1 23. Kxc1 h6 24. Kc2 Rc6+ 25. Kd2 Ke7 26. Ne4
a6 27. b4 Rc7 28. a4 Rc6 29. h4 e5 30. g4 Rc7 31. Nc5 a5 32. Nb3 axb4 33. Na5
Kd6 34. Nc4+ Kd5 35. Ne3+ Kc5 36. Nc4 Kd4 37. Nd6 Rd7 38. Ne4 Rf7 39. Be2 b6
40. g5 Rf4 41. Ng3 Kd5 42. gxh6 gxh6 43. h5 Rh4 44. Bd3 Rh3 45. Nf5 Rxh5 46.
Be4+ Kc5 47. Kd3 Rh1 48. Ne3 Ra1 49. Nc4 b3 50. Nxe5 b2 51. Kc3 b1=Q 52. Nd7+
Kd6 53. Bxb1 Rxb1 54. Kc2 Kxd7 55. Kxb1 h5 0-1

[Event "SV Kamen 2 - Rochade Steele/Kray 1"]
[Site "Verbandsklasse - Gruppe 2 201"]
[Date "2019.03.24"]
[Round "8.5"]
[White "Greger, Helmut"]
[Black "Rotter, Chris"]
[Result "1/2-1/2"]
[WhiteElo "1915"]
[BlackElo "1711"]
[PlyCount "108"]
[EventDate "2019.??.??"]

1. c4 Nf6 2. Nf3 g6 3. g3 b6 4. Bg2 Bb7 5. O-O Bg7 6. Nc3 O-O 7. Qc2 c5 8. e3
d5 9. Ne5 e6 10. d4 cxd4 11. exd4 Nc6 12. Nxc6 Bxc6 13. c5 bxc5 14. dxc5 a5 15.
Bf4 Qc8 16. Bd6 Rd8 17. Na4 Bxa4 18. Qxa4 Ne8 19. Qa3 Nxd6 20. cxd6 Qa6 21.
Rac1 Qxd6 22. Qxd6 Rxd6 23. b3 a4 24. bxa4 Rxa4 25. Rc8+ Bf8 26. Rb1 Kg7 27.
Rb7 Rc4 28. Ra8 Rc1+ 29. Bf1 Rdc6 30. Raa7 R6c2 31. Rxf7+ Kg8 32. Rxh7 Rxa2 33.
Rh8+ Kxh8 34. Rxa2 Kg7 35. Kg2 g5 36. Be2 d4 37. h3 Kf6 38. Kf3 Bb4 39. Ke4 Re1
40. Kxd4 Bd6 41. Bg4 Re5 42. Rc2 Rd5+ 43. Ke4 Rc5 44. Rxc5 Bxc5 45. f4 gxf4 46.
Kxf4 e5+ 47. Kf3 Bd6 48. Bd7 e4+ 49. Kg4 e3 50. Bb5 Kg6 51. Kf3 Kg5 52. h4+ Kh5
53. Be8+ Kh6 54. g4 Be7 1/2-1/2

[Event "SV Kamen 2 - Rochade Steele/Kray 1"]
[Site "Verbandsklasse - Gruppe 2 201"]
[Date "2019.03.24"]
[Round "8.6"]
[White "Markert, Dirk"]
[Black "Seker, Seyfullah"]
[Result "1/2-1/2"]
[WhiteElo "1845"]
[BlackElo "1741"]
[Annotator "Daniel"]
[PlyCount "123"]
[EventDate "2019.??.??"]

1. e4 c5 2. Nc3 e6 3. Nge2 a6 4. d4 cxd4 5. Nxd4 Qc7 6. Be3 Nf6 7. f3 Bb4 8.
Bd2 Bc5 9. Nb3 Be7 10. Bd3 b5 11. Qe2 Nc6 12. O-O O-O 13. Kh1 Bb7 14. a3 $11
Rad8 15. Qf2 d5 16. Be3 Qe5 17. exd5 exd5 18. Nd4 Nxd4 19. Bxd4 Qd6 20. Rae1
Rfe8 21. Re2 Bf8 22. Rfe1 Rxe2 23. Rxe2 Re8 24. Qh4 Rxe2 25. Nxe2 h6 26. Ng3
Bc8 27. Nf5 Bxf5 28. Bxf5 Nd7 29. Qe1 Be7 30. c3 Nc5 31. Bc2 Ne6 32. Qe5 Nxd4
33. Qxd4 Qe6 34. Qd1 Qe3 35. Bb3 d4 36. Qxd4 Qxd4 37. cxd4 Bf6 38. d5 Bxb2 39.
a4 b4 40. a5 Be5 41. Bc4 Bc7 42. Bxa6 b3 43. Kg1 Kf8 44. Bd3 Bxa5 45. Kf2 Bb6+
46. Ke2 Ke7 47. Kd2 Bd4 48. Bc4 b2 49. Ba2 f5 50. g4 Kf6 51. Kd3 Be5 52. h3 Kg5
53. Ke3 fxg4 54. hxg4 g6 55. Bb1 h5 56. gxh5 gxh5 57. Kf2 Kf4 58. Kg2 Ke3 59.
Kh3 Bf6 60. Kg3 h4+ 61. Kh2 Kxf3 62. d6 1/2-1/2

[Event "SV Kamen 2 - Rochade Steele/Kray 1"]
[Site "Verbandsklasse - Gruppe 2 201"]
[Date "2019.03.24"]
[Round "8.7"]
[White "Schmitz, Juergen"]
[Black "Markert, Kurt"]
[Result "1-0"]
[WhiteElo "1864"]
[BlackElo "1732"]
[PlyCount "79"]
[EventDate "2019.??.??"]

1. f4 d5 2. Nf3 Nf6 3. e3 Bg4 4. Be2 Nc6 5. d4 e6 6. O-O Be7 7. c4 dxc4 8. Nc3
O-O 9. Bxc4 a6 10. h3 Bh5 11. Bd3 Bg6 12. Bxg6 hxg6 13. Ne5 Qe8 14. a3 Rd8 15.
Rb1 Nxe5 16. fxe5 Nd5 17. Qf3 c5 18. Ne4 cxd4 19. exd4 f5 20. exf6 gxf6 21. Bh6
Rf7 22. Qg3 Rh7 23. Bd2 f5 24. Ng5 Bxg5 25. Bxg5 Rc8 26. Rbc1 Rhc7 27. Rxc7
Rxc7 28. Re1 Rc6 29. h4 Qf7 30. Qb8+ Kh7 31. Bf4 Nxf4 32. Qxf4 Qf6 33. Re5 Kg7
34. b4 b5 35. Rc5 Rxc5 36. bxc5 Qd8 37. c6 Kf7 38. c7 Qd7 39. Qe5 Ke7 40. Qc5+
1-0

[Event "SG Bochum 4 - SV Unser Fritz 1"]
[Site "Verbandsklasse - Gruppe 2 201"]
[Date "2019.03.24"]
[Round "8.1"]
[White "Mueller, Martin"]
[Black "Walny, Benjamin"]
[Result "1-0"]
[WhiteElo "2011"]
[BlackElo "1761"]
[PlyCount "65"]
[EventDate "2019.??.??"]

1. e4 c5 2. Nf3 d6 3. d4 cxd4 4. Nxd4 Nf6 5. Nc3 g6 6. Be3 Nc6 7. f3 Bg7 8. Qd2
Rb8 9. O-O-O O-O 10. g4 Nxd4 11. Bxd4 Be6 12. Kb1 b5 13. h4 b4 14. Nd5 Bxd5 15.
exd5 Qc7 16. h5 Rfc8 17. hxg6 fxg6 18. b3 Qb7 19. g5 Nh5 20. Bxg7 Kxg7 21. Qd4+
Kg8 22. Bh3 e5 23. dxe6 Qc7 24. Rh2 Qc3 25. Bg4 Ng7 26. Qxd6 Re8 27. Re2 Rb6
28. Qd7 Qc5 29. Qf7+ Kh8 30. Rd7 Qc3 31. Re3 Rbxe6 32. Bxe6 Rf8 33. Qxf8# 1-0